New agreement to improve health and safety on construction sites (Record no. 82710)

MARC details
000 -LEADER
fixed length control field 00706cab a22001815a 4500
001 - CONTROL NUMBER
control field L151131
008 - FIXED-LENGTH DATA ELEMENTS--GENERAL INFORMATION
fixed length control field 101004s2010 xxk f s 000 0 eng d
035 ## - SYSTEM CONTROL NUMBER
System control number (Sirsi) u151131
041 0# - LANGUAGE CODE
Language code of text/sound track or separate title eng
245 00 - TITLE STATEMENT
Title New agreement to improve health and safety on construction sites
260 ## - PUBLICATION, DISTRIBUTION, ETC.
Date of publication, distribution, etc. 2010
490 #0 - SERIES STATEMENT
Series statement Building Engineer
Volume/sequential designation 85(10) October 2010, 9(1)
520 ## - SUMMARY, ETC.
Summary, etc. Overview of an agreement signed by the Health and Safety Executive (HSE) and the Building Control Alliance (BCA) to work more closely to improve health and safety standards in the construction industry; signed 17 September 2010.
590 ## - LOCAL NOTE (RLIN)
Local note KA
651 #4 - SUBJECT ADDED ENTRY--GEOGRAPHIC NAME
Geographic name England and Wales
Chronological subdivision 1543-
690 ## - LOCAL SUBJECT ADDED ENTRY--TOPICAL TERM (OCLC, RLIN)
Topical term or geographic name as entry element Health and safety
9 (RLIN) 6244
942 ## - ADDED ENTRY ELEMENTS (KOHA)
Suppress in OPAC 0
Holdings
Withdrawn status Lost status Source of classification or shelving scheme Damaged status Not for loan Home library Current library Shelving location Date acquired Total Checkouts Full call number Barcode Date last seen Copy number Price effective from Koha item type
    Dewey Decimal Classification     London London Journal article 04/10/2010   ONLINE PUBLICATION 151131-1001 06/08/2019 1 06/08/2019 Journal article